Variétés de fruits et légumes - Statistiques

Statistiques générales
  • Ce quiz a été pris 14 599 fois
  • Le résultat moyen est 15 sur 20
Statistiques - réponses
Variétés Fruit ou Légume % Correct
Laitue, Mâche, Roquette Salade
100%
de Bruxelles, Fleur, Rouge Chou
98%
Golden, Granny, Reinette Pomme
97%
de Cayenne, d'Espelette, Jalapeño Piment
92%
Cœur de bœuf, Noire de Crimée, Roma Tomate
84%
Amère, Sanguine, Valencia Orange
81%
Griotte, Merise, Napoléon Cerise
79%
Girolle, Morille, Shiitaké Champignon
78%
Beurre, Coco, Flageolet Haricot
76%
Chardonnay, Muscat, Riesling Raisin
75%
Mirabelle, Quetsche, Reine-Claude Prune
74%
Conférence, Duchesse, Williams Poire
71%
Cavendish, Plantain, Rouge Banane
69%
Butternut, Musquée, Spaghetti Courge
69%
Ciflorette, Gariguette, Mara des bois Fraise
68%
Béluga, Corail, Verte du Puy Lentille
63%
à Couper, Branche, Rave Céleri
61%
Charlotte, Ratte, Vitelotte Pomme de terre
51%
Cantaloup, de Cavaillon, Honeydew Melon
50%
à Maquereau, Cassis, Rouge Groseille
30%
Aucun quiz correspondant
Distribution des résultats
% des personnes avec chaque résultat
Percentile par nombre de réponses
Votre historique - résultats
Vous n’avez pas pris ce quiz